[Event "MSR2018s4"]
[Site "?"]
[Date "2018.04.21"]
[Round "1.14"]
[White "Berkova, Agata"]
[Black "Hudakova, Nina"]
[Result "1-0"]
[BlackElo "1106"]
[WhiteElo "1455"]
[LiveChessVersion "1.4.8"]

1. d4 {[%clk 1:30:58]} d5 {[%clk 1:30:40]} 2. Nc3 {[%clk 1:31:24]} Nf6
{[%clk 1:29:25]} 3. Bf4 {[%clk 1:31:44]} Bf5 {[%clk 1:27:15]} 4. Nf3
{[%clk 1:31:58]} e6 5. Nb5 {[%clk 1:32:13]} Na6 {[%clk 1:22:49]} 6. e3
{[%clk 1:32:01]} c6 {[%clk 1:22:42]} 7. Nc3 {[%clk 1:31:02]} Nb4 8. Bd3 Nxd3+
{[%clk 1:19:58]} 9. cxd3 {[%clk 1:31:22]} Bb4 {[%clk 1:16:05]} 10. O-O
{[%clk 1:31:33]} O-O {[%clk 1:15:02]} 11. a3 {[%clk 1:31:50]} Bd6
{[%clk 1:14:44]} 12. Bxd6 {[%clk 1:32:10]} Qxd6 {[%clk 1:15:00]} 13. Qc2
{[%clk 1:31:43]} Bg4 {[%clk 1:14:59]} 14. Ne5 {[%clk 1:31:22]} Nd7
{[%clk 1:10:56]} 15. Nxg4 {[%clk 1:31:45]} h6 {[%clk 1:07:50]} 16. Qe2
{[%clk 1:31:47]} f6 {[%clk 1:03:40]} 17. Qf3 {[%clk 1:30:56]} e5 {[%clk 1:03:24]}
18. dxe5 {[%clk 1:31:20]} fxe5 {[%clk 1:03:36]} 19. Qg3 {[%clk 1:31:11]} d4
{[%clk 1:03:19]} 20. Ne4 {[%clk 1:31:09]} Qe6 {[%clk 1:02:44]} 21. exd4
{[%clk 1:31:06]} exd4 {[%clk 1:02:44]} 22. Rae1 {[%clk 1:31:07]} Qd5
{[%clk 1:01:05]} 23. Nxh6+ {[%clk 1:31:21]} Kh8 {[%clk 1:00:26]} 24. Qh4
{[%clk 1:30:27]} Nf6 {[%clk 0:59:31]} 25. Nf5+ {[%clk 1:30:34]} Nh7
{[%clk 0:59:30]} 26. Ne7 {[%clk 1:30:08]} Qe5 {[%clk 0:57:41]} 27. Ng6+
{[%clk 1:30:34]} Kg8 {[%clk 0:57:48]} 28. Nxe5 {[%clk 1:31:00]} Rae8
{[%clk 0:56:35]} 29. Ng6 {[%clk 1:31:17]} Rf5 {[%clk 0:55:54]} 30. Nd6
{[%clk 1:31:10]} Rxe1 {[%clk 0:54:05]} 31. Qd8+ {[%clk 1:31:30]} Rf8
{[%clk 0:54:06]} 32. Nxf8 {[%clk 1:31:55]} Nxf8 {[%clk 0:54:32]} 33. Rxe1
{[%clk 1:32:23]} a6 {[%clk 0:54:29]} 34. Nf5 {[%clk 1:32:43]} Kh8
{[%clk 0:54:02]} 35. Qg5 {[%clk 1:33:06]} Nh7 {[%clk 0:54:16]} 36. Qxg7# 1-0

[Event "MSR2018s4"]
[Site "?"]
[Date "2018.04.21"]
[Round "1.15"]
[White "Kaufmanova, Karin"]
[Black "Novomeska, Karin"]
[Result "0-1"]
[BlackElo "1217"]
[WhiteElo "1092"]
[LiveChessVersion "1.4.8"]

1. e4 {[%clk 1:30:59]} c6 {[%clk 1:30:54]} 2. Nf3 {[%clk 1:31:17]} d5
{[%clk 1:31:13]} 3. exd5 {[%clk 1:31:36]} cxd5 {[%clk 1:31:32]} 4. d4
{[%clk 1:31:58]} Nc6 {[%clk 1:31:29]} 5. Nc3 {[%clk 1:32:05]} Bg4
{[%clk 1:30:55]} 6. Bb5 {[%clk 1:32:25]} Nf6 {[%clk 1:31:15]} 7. Bg5
{[%clk 1:32:09]} e6 {[%clk 1:30:35]} 8. O-O {[%clk 1:32:19]} Be7 {[%clk 1:30:34]}
9. Re1 {[%clk 1:31:47]} O-O {[%clk 1:30:34]} 10. Qd3 {[%clk 1:27:48]} Bxf3
{[%clk 1:27:29]} 11. Qxf3 {[%clk 1:27:58]} Nxd4 {[%clk 1:27:41]} 12. Qd3
{[%clk 1:27:09]} Nxb5 {[%clk 1:26:20]} 13. Nxb5 {[%clk 1:27:10]} a6
{[%clk 1:23:06]} 14. Nc3 {[%clk 1:27:09]} Rc8 {[%clk 1:10:18]} 15. Rad1
{[%clk 1:26:50]} Qb6 {[%clk 1:02:21]} 16. b3 {[%clk 1:23:50]} Qa5
{[%clk 0:56:02]} 17. Na4 {[%clk 1:23:27]} b5 {[%clk 0:53:40]} 18. Nc3
{[%clk 1:20:50]} Qxc3 {[%clk 0:53:50]} 19. Qxc3 {[%clk 1:21:00]} Rxc3
{[%clk 0:54:15]} 20. Rd2 {[%clk 1:17:18]} Ne4 {[%clk 0:54:13]} 21. Rde2
{[%clk 1:16:06]} Bxg5 {[%clk 0:54:15]} 0-1

[Event "MSR2018s4"]
[Site "?"]
[Date "2018.04.21"]
[Round "1.16"]
[White "Filipiak, Magdalena"]
[Black "Sekova, Olivia"]
[Result "1-0"]
[BlackElo "1043"]
[WhiteElo "1186"]
[LiveChessVersion "1.4.8"]

1. e4 {[%clk 1:30:57]} c5 {[%clk 1:30:44]} 2. c3 {[%clk 1:31:21]} Nc6
{[%clk 1:30:40]} 3. d4 {[%clk 1:31:42]} cxd4 {[%clk 1:29:47]} 4. cxd4
{[%clk 1:31:58]} d5 {[%clk 1:29:34]} 5. e5 {[%clk 1:26:17]} b6 {[%clk 1:27:32]}
6. Bb5 {[%clk 1:26:18]} Bb7 {[%clk 1:26:10]} 7. Nc3 {[%clk 1:24:12]} a6
{[%clk 1:25:13]} 8. Ba4 {[%clk 1:23:45]} e6 {[%clk 1:23:57]} 9. Nf3
{[%clk 1:23:48]} Bb4 {[%clk 1:23:50]} 10. O-O {[%clk 1:23:49]} b5
{[%clk 1:23:00]} 11. Bc2 {[%clk 1:24:03]} Nge7 {[%clk 1:22:20]} 12. a3
{[%clk 1:23:21]} Ba5 {[%clk 1:21:58]} 13. b4 {[%clk 1:21:41]} Bb6
{[%clk 1:22:03]} 14. Rb1 {[%clk 1:21:08]} Rc8 {[%clk 1:21:48]} 15. Ne2
{[%clk 1:20:13]} Qc7 {[%clk 1:21:14]} 16. Bd3 {[%clk 1:18:36]} O-O
{[%clk 1:19:32]} 17. a4 {[%clk 1:18:15]} Na7 {[%clk 1:19:07]} 18. a5
{[%clk 1:17:52]} Bxa5 {[%clk 1:18:44]} 19. bxa5 {[%clk 1:18:12]} Qxa5
{[%clk 1:18:52]} 20. Qd2 {[%clk 1:16:55]} Qc7 {[%clk 1:17:23]} 21. Qg5
{[%clk 1:15:09]} h6 {[%clk 1:16:18]} 22. Qh5 {[%clk 1:15:11]} Ng6
{[%clk 1:13:52]} 23. Nf4 {[%clk 1:13:52]} Nxf4 {[%clk 1:11:55]} 24. Bxf4
{[%clk 1:14:17]} f5 {[%clk 1:11:42]} 25. Qg6 {[%clk 1:13:15]} Qf7
{[%clk 1:11:25]} 26. Qxf7+ {[%clk 1:13:15]} Rxf7 {[%clk 1:11:44]} 27. Rbc1
{[%clk 1:13:36]} Rd8 {[%clk 1:10:43]} 28. Rc2 {[%clk 1:13:40]} g5
{[%clk 1:10:37]} 29. Bd2 {[%clk 1:13:46]} g4 {[%clk 1:10:44]} 30. Nh4
{[%clk 1:13:17]} Nc6 {[%clk 1:10:29]} 31. Bc3 {[%clk 1:10:49]} b4
{[%clk 1:08:29]} 32. Bb2 {[%clk 1:10:23]} a5 {[%clk 1:08:07]} 33. Rfc1
{[%clk 1:10:39]} Rc8 {[%clk 1:07:54]} 34. Bb5 {[%clk 1:09:42]} Rfc7
{[%clk 1:07:38]} 35. Ng6 {[%clk 1:08:55]} Kg7 {[%clk 1:07:23]} 36. Nf4
{[%clk 1:06:39]} Kf7 {[%clk 1:07:11]} 37. Nd3 {[%clk 1:05:48]} Kf8
{[%clk 1:06:30]} 38. Nc5 {[%clk 1:05:46]} 1-0

[Event "MSR2018s4"]
[Site "?"]
[Date "2018.04.21"]
[Round "1.17"]
[White "Elias, Simon"]
[Black "Petrus, Daniel"]
[Result "1/2-1/2"]
[BlackElo "1122"]
[WhiteElo "1036"]
[LiveChessVersion "1.4.8"]

1. e4 {[%clk 1:30:55]} e5 {[%clk 1:30:52]} 2. Nf3 {[%clk 1:31:18]} Nf6
{[%clk 1:31:14]} 3. Nxe5 {[%clk 1:31:16]} d6 {[%clk 1:31:37]} 4. Nf3
{[%clk 1:31:18]} Nxe4 {[%clk 1:31:59]} 5. Qe2 {[%clk 1:31:18]} Qe7
{[%clk 1:32:17]} 6. d3 {[%clk 1:31:23]} Nf6 {[%clk 1:32:27]} 7. Bg5
{[%clk 1:31:40]} Qxe2+ {[%clk 1:32:20]} 8. Bxe2 {[%clk 1:31:56]} Be7
{[%clk 1:32:42]} 9. Nc3 {[%clk 1:31:58]} Bg4 {[%clk 1:32:46]} 10. h3
{[%clk 1:31:20]} Bf5 {[%clk 1:32:47]} 11. O-O-O {[%clk 1:29:39]} Nc6
{[%clk 1:33:03]} 12. Bxf6 {[%clk 1:28:09]} Bxf6 {[%clk 1:33:22]} 13. Nd5
{[%clk 1:28:12]} Bd8 {[%clk 1:32:24]} 14. g4 {[%clk 1:27:51]} Be6
{[%clk 1:32:36]} 15. Nc3 {[%clk 1:27:36]} Bf6 {[%clk 1:32:43]} 16. d4
{[%clk 1:26:54]} Bd7 {[%clk 1:30:18]} 17. g5 {[%clk 1:21:22]} Be7
{[%clk 1:30:23]} 18. h4 {[%clk 1:19:38]} O-O-O {[%clk 1:30:20]} 19. Rhe1
{[%clk 1:17:49]} Rhe8 {[%clk 1:30:13]} 20. Bc4 {[%clk 1:17:23]} f6
{[%clk 1:30:18]} 21. Nd5 {[%clk 1:16:20]} fxg5 {[%clk 1:29:56]} 22. Nxe7+
{[%clk 1:16:11]} Rxe7 {[%clk 1:29:38]} 23. Rxe7 {[%clk 1:15:39]} Nxe7
{[%clk 1:30:05]} 24. hxg5 {[%clk 1:11:01]} Bg4 {[%clk 1:29:37]} 25. Re1
{[%clk 1:09:26]} Ng6 {[%clk 1:29:16]} 26. Be6+ {[%clk 1:08:34]} Bxe6
{[%clk 1:29:19]} 27. Rxe6 {[%clk 1:08:56]} Rf8 {[%clk 1:29:04]} 28. Re3
{[%clk 1:08:05]} Kd7 {[%clk 1:26:37]} 29. Kd2 {[%clk 1:07:40]} Re8
{[%clk 1:26:08]} 30. Rxe8 {[%clk 1:07:38]} Kxe8 {[%clk 1:26:34]} 31. Ke3
{[%clk 1:07:30]} Ke7 {[%clk 1:26:54]} 32. c4 {[%clk 1:07:23]} c5 {[%clk 1:27:02]}
33. dxc5 {[%clk 1:06:30]} dxc5 {[%clk 1:27:30]} 34. Ke4 {[%clk 1:06:40]} Ke6
{[%clk 1:27:34]} 35. Nd2 {[%clk 1:06:37]} b6 36. f4 {[%clk 1:06:24]} Ne7
{[%clk 1:27:14]} 37. Nf3 {[%clk 1:06:09]} g6 {[%clk 1:27:08]} 38. Ne5
{[%clk 1:05:55]} a6 {[%clk 1:26:18]} 39. Ng4 {[%clk 1:05:54]} Ng8
{[%clk 1:25:59]} 40. a4 {[%clk 1:05:26]} a5 {[%clk 1:23:58]} 41. b3
{[%clk 1:05:30]} Kd6 {[%clk 1:23:50]} 42. f5 {[%clk 1:05:15]} gxf5+
{[%clk 1:24:04]} 43. Kxf5 {[%clk 1:05:31]} Ke7 {[%clk 1:23:52]} 44. Ne3
{[%clk 1:04:21]} Kd6 {[%clk 1:23:27]} 45. Ng4 {[%clk 1:02:25]} Ke7
{[%clk 1:23:20]} 46. Ne5 {[%clk 1:01:51]} Kd6 {[%clk 1:19:32]} 47. Nf7+
{[%clk 1:01:39]} Ke7 {[%clk 1:19:28]} 48. Ne5 {[%clk 0:59:54]} Kd6
{[%clk 1:19:45]} 49. g6 {[%clk 1:00:00]} hxg6+ {[%clk 1:19:51]} 50. Nxg6
{[%clk 1:00:08]} Ne7+ {[%clk 1:19:53]} 51. Nxe7 {[%clk 1:00:24]} Kxe7
{[%clk 1:20:18]} 52. Ke5 {[%clk 1:00:43]} Kd7 {[%clk 1:20:37]} 53. Kd5
{[%clk 1:00:41]} Kc7 {[%clk 1:20:51]} 54. Ke6 {[%clk 1:00:46]} Kc6
{[%clk 1:21:08]} 55. Ke7 {[%clk 1:01:08]} Kc7 {[%clk 1:21:36]} 56. Ke8
{[%clk 1:00:58]} Kc8 {[%clk 1:21:52]} 1/2-1/2

[Event "MSR2018s4"]
[Site "?"]
[Date "2018.04.21"]
[Round "1.18"]
[White "Kusy, Adam"]
[Black "Paholok, Adam"]
[Result "1/2-1/2"]
[BlackElo "1535"]
[WhiteElo "1112"]
[LiveChessVersion "1.4.8"]

1. d4 {[%clk 1:30:57]} d5 {[%clk 1:30:50]} 2. c4 {[%clk 1:31:22]} e6
{[%clk 1:30:44]} 3. Nc3 {[%clk 1:31:37]} Nf6 {[%clk 1:30:47]} 4. Nf3
{[%clk 1:31:52]} Nc6 {[%clk 1:30:51]} 5. Bg5 {[%clk 1:31:51]} Be7
{[%clk 1:29:25]} 6. e3 {[%clk 1:31:21]} b6 {[%clk 1:29:46]} 7. Bd3
{[%clk 1:30:51]} h6 {[%clk 1:29:57]} 8. Bh4 O-O 9. O-O Bb7 10. h3
{[%clk 1:29:38]} Re8 {[%clk 1:28:37]} 11. Re1 {[%clk 1:29:20]} Ne4
{[%clk 1:25:50]} 12. Nxe4 Bxh4 13. Nc3 {[%clk 1:26:01]} Bf6 {[%clk 1:24:26]} 14.
Nb5 {[%clk 1:22:31]} dxc4 {[%clk 1:22:17]} 15. Bxc4 {[%clk 1:22:21]} e5
{[%clk 1:13:49]} 16. dxe5 {[%clk 1:21:43]} Nxe5 {[%clk 1:06:57]} 17. Nxe5
{[%clk 1:21:41]} Bxe5 {[%clk 1:07:04]} 18. Nc3 {[%clk 1:14:11]} Qg5
{[%clk 1:06:01]} 19. f3 {[%clk 1:12:22]} Rad8 {[%clk 1:04:48]} 20. Qe2
{[%clk 1:11:56]} Bg3 {[%clk 1:01:26]} 21. f4 {[%clk 1:09:55]} Qg6
{[%clk 1:00:38]} 22. Rf1 {[%clk 1:08:33]} h5 {[%clk 0:56:06]} 23. Rac1
{[%clk 1:03:49]} Re7 {[%clk 0:55:39]} 24. Qc2 {[%clk 0:56:39]} Qc6
{[%clk 0:51:08]} 25. Bb5 1/2-1/2

[Event "MSR2018s4"]
[Site "?"]
[Date "2018.04.21"]
[Round "1.19"]
[White "Vargosko, Juraj"]
[Black "Icsek, Michael"]
[Result "1-0"]
[BlackElo "1111"]
[WhiteElo "1504"]
[LiveChessVersion "1.4.8"]

1. e4 {[%clk 1:30:56]} c6 {[%clk 1:30:44]} 2. d4 {[%clk 1:31:04]} d5
{[%clk 1:30:02]} 3. e5 {[%clk 1:31:02]} Bf5 4. Nc3 {[%clk 1:29:41]} g6
{[%clk 1:27:00]} 5. Bd3 {[%clk 1:29:26]} Nh6 {[%clk 1:27:05]} 6. Bxh6
{[%clk 1:28:40]} Bxh6 {[%clk 1:26:52]} 7. Bxf5 {[%clk 1:27:35]} gxf5
{[%clk 1:26:48]} 8. Qh5 {[%clk 1:27:21]} Bf8 {[%clk 1:25:01]} 9. Qxf5
{[%clk 1:26:43]} e6 {[%clk 1:24:59]} 10. Qd3 {[%clk 1:22:12]} c5 {[%clk 1:24:07]}
11. Nf3 {[%clk 1:17:19]} c4 {[%clk 1:23:02]} 12. Qe3 {[%clk 1:17:26]} Rg8
{[%clk 1:22:28]} 13. Rg1 {[%clk 1:15:27]} Nc6 {[%clk 1:21:24]} 14. a3
{[%clk 1:14:22]} f6 {[%clk 1:20:09]} 15. Nb5 {[%clk 1:07:20]} Rc8
{[%clk 1:18:14]} 16. Nc3 {[%clk 1:03:40]} Bg7 {[%clk 1:16:57]} 17. exf6
{[%clk 1:02:38]} Bxf6 {[%clk 1:16:21]} 18. Qxe6+ {[%clk 1:02:16]} Kf8
{[%clk 1:16:15]} 19. O-O-O {[%clk 1:01:26]} Rg6 {[%clk 1:13:32]} 20. Qxd5
{[%clk 1:01:20]} Qxd5 {[%clk 1:12:46]} 21. Nxd5 {[%clk 1:01:06]} Bg7
{[%clk 1:12:12]} 22. Kb1 {[%clk 1:00:30]} Re8 {[%clk 1:09:56]} 23. Ne3
{[%clk 0:59:20]} Rd6 {[%clk 1:09:19]} 24. Nf5 {[%clk 0:58:52]} Rf6
{[%clk 1:06:57]} 25. Nxg7 Kxg7 {[%clk 1:04:03]} 26. Rge1 {[%clk 0:58:41]} Rfe6
27. Rxe6 Rxe6 {[%clk 1:02:54]} 28. d5 {[%clk 0:59:03]} Rg6 {[%clk 1:02:44]} 29.
dxc6 {[%clk 0:58:55]} bxc6 {[%clk 1:02:25]} 30. Rd7+ {[%clk 0:59:03]} Kh6
{[%clk 1:02:30]} 31. g3 {[%clk 0:59:06]} Rf6 {[%clk 1:02:13]} 32. Ne5
{[%clk 0:59:19]} Re6 {[%clk 1:02:13]} 33. Nxc4 {[%clk 0:59:09]} Re1+
{[%clk 1:01:14]} 34. Ka2 {[%clk 0:55:49]} Re4 {[%clk 0:59:56]} 35. Rd6+
{[%clk 0:55:40]} Kg7 {[%clk 0:59:14]} 36. Rxc6 {[%clk 0:56:02]} 1-0

[Event "MSR2018s4"]
[Site "?"]
[Date "2018.04.21"]
[Round "1.20"]
[White "Polomsky, Tomas"]
[Black "Cizmar, Tomas"]
[Result "0-1"]
[BlackElo "1447"]
[WhiteElo "1094"]
[LiveChessVersion "1.4.8"]

1. e4 {[%clk 1:30:56]} e5 {[%clk 1:30:43]} 2. Nf3 {[%clk 1:31:11]} Nc6
{[%clk 1:30:15]} 3. c4 {[%clk 1:31:20]} Nf6 {[%clk 1:30:09]} 4. Nc3
{[%clk 1:30:46]} Bc5 {[%clk 1:29:57]} 5. Nxe5 {[%clk 1:30:46]} Nxe5
{[%clk 1:29:58]} 6. d4 {[%clk 1:31:08]} Bxd4 {[%clk 1:28:49]} 7. Qxd4
{[%clk 1:30:32]} Nc6 {[%clk 1:29:08]} 8. Qc5 {[%clk 1:28:14]} d6 {[%clk 1:28:45]}
9. Qg5 {[%clk 1:27:48]} O-O {[%clk 1:28:26]} 10. Bf4 {[%clk 1:26:04]} h6
{[%clk 1:26:54]} 11. Qg3 {[%clk 1:25:38]} Nh5 {[%clk 1:25:39]} 12. Qe3
{[%clk 1:25:13]} Nxf4 {[%clk 1:25:17]} 13. Qxf4 {[%clk 1:25:30]} Bd7
{[%clk 1:24:08]} 14. Be2 {[%clk 1:23:54]} Nd4 {[%clk 1:22:30]} 15. O-O
{[%clk 1:23:21]} Ba4 {[%clk 1:22:03]} 16. Rfc1 {[%clk 1:22:39]} Qe7
{[%clk 1:18:37]} 17. Bd3 {[%clk 1:21:07]} Bd7 {[%clk 1:17:11]} 18. Nd5
{[%clk 1:20:11]} Qd8 {[%clk 1:15:49]} 19. Qe3 {[%clk 1:14:52]} Ne6
{[%clk 1:11:55]} 20. f4 {[%clk 1:13:16]} Re8 {[%clk 1:09:32]} 21. f5
{[%clk 1:12:59]} Nc5 {[%clk 1:07:37]} 22. b4 {[%clk 1:10:13]} Nxd3
{[%clk 1:07:31]} 23. Qxd3 {[%clk 1:09:34]} c6 {[%clk 1:06:29]} 24. Ne3
{[%clk 1:06:37]} Qb6 {[%clk 1:04:38]} 25. a3 {[%clk 1:04:53]} Bxf5
{[%clk 1:03:04]} 26. exf5 {[%clk 1:02:06]} Qxe3+ {[%clk 1:03:02]} 27. Qxe3
{[%clk 1:02:11]} Rxe3 {[%clk 1:03:29]} 28. Kf2 {[%clk 1:01:23]} Rae8
{[%clk 1:03:22]} 29. Rd1 {[%clk 1:01:21]} Re2+ {[%clk 1:02:09]} 30. Kf1
{[%clk 1:01:04]} R2e5 {[%clk 1:01:04]} 31. g4 {[%clk 0:59:30]} Re4
{[%clk 1:00:07]} 32. Rxd6 {[%clk 0:55:52]} Rf4+ {[%clk 0:59:42]} 33. Kg2
{[%clk 0:55:57]} Rxg4+ {[%clk 1:00:04]} 34. Kf3 {[%clk 0:55:35]} Rxc4
{[%clk 1:00:24]} 35. Rd7 {[%clk 0:55:08]} Rb8 {[%clk 0:59:31]} 36. Re1
{[%clk 0:54:54]} Rc3+ {[%clk 0:58:13]} 37. Kf2 {[%clk 0:55:11]} Rxa3
{[%clk 0:53:13]} 38. Ree7 {[%clk 0:55:29]} Rf8 {[%clk 0:52:41]} 39. Rxb7
{[%clk 0:55:24]} a5 {[%clk 0:52:29]} 40. b5 {[%clk 0:52:26]} cxb5
{[%clk 0:49:28]} 41. Rxb5 {[%clk 0:52:45]} Rc8 {[%clk 0:49:21]} 42. Re3
{[%clk 0:50:41]} Rc2+ {[%clk 0:48:20]} 43. Re2 {[%clk 0:50:21]} Rxe2+
{[%clk 0:48:25]} 44. Kxe2 {[%clk 0:50:19]} Ra2+ {[%clk 0:48:52]} 45. Ke3
{[%clk 0:49:28]} Rxh2 {[%clk 0:49:12]} 46. Rxa5 {[%clk 0:49:48]} Rh5
{[%clk 0:49:00]} 47. Kf4 {[%clk 0:49:47]} Kh7 {[%clk 0:47:12]} 48. Ra7
{[%clk 0:49:17]} g5+ {[%clk 0:45:08]} 49. Kg4 {[%clk 0:49:05]} Rh4+
{[%clk 0:45:13]} 50. Kg3 {[%clk 0:49:05]} Kg7 {[%clk 0:45:29]} 51. Ra6
{[%clk 0:46:20]} Rf4 {[%clk 0:44:28]} 52. Ra5 {[%clk 0:45:57]} Kf6
{[%clk 0:44:31]} 53. Ra6+ {[%clk 0:46:13]} Kxf5 {[%clk 0:44:54]} 54. Rxh6
{[%clk 0:46:30]} f6 {[%clk 0:44:35]} 55. Rh3 {[%clk 0:45:55]} Rf3+
{[%clk 0:43:59]} 56. Kxf3 {[%clk 0:45:47]} g4+ {[%clk 0:44:21]} 0-1

[Event "MSR2018s4"]
[Site "?"]
[Date "2018.04.21"]
[Round "1.21"]
[White "Tokarcik, Jan"]
[Black "Vozar, Adam"]
[Result "1-0"]
[BlackElo "1058"]
[WhiteElo "1343"]
[LiveChessVersion "1.4.8"]

1. e4 {[%clk 1:30:54]} e5 {[%clk 1:30:46]} 2. Nf3 {[%clk 1:31:22]} Nc6 3. Bc4 Nf6
{[%clk 1:30:00]} 4. d3 {[%clk 1:31:13]} Bc5 {[%clk 1:25:23]} 5. O-O
{[%clk 1:31:24]} O-O {[%clk 1:24:33]} 6. Nc3 {[%clk 1:31:28]} d6 {[%clk 1:23:48]}
7. Bg5 {[%clk 1:31:07]} Bg4 {[%clk 1:22:59]} 8. h3 {[%clk 1:30:19]} Be6 9. Nd5
Bxd5 {[%clk 1:16:01]} 10. Bxd5 {[%clk 1:30:36]} h6 11. Bh4 Na5 {[%clk 0:58:07]}
12. a3 {[%clk 1:30:12]} c6 {[%clk 0:56:40]} 13. Ba2 {[%clk 1:30:18]} d5
{[%clk 0:47:54]} 14. Bxf6 {[%clk 1:30:08]} gxf6 {[%clk 0:46:47]} 15. Qd2
{[%clk 1:29:58]} dxe4 {[%clk 0:45:54]} 16. Qxh6 {[%clk 1:28:59]} exf3
{[%clk 0:43:34]} 17. Qg6+ {[%clk 1:28:35]} Kh8 18. Bxf7 Rxf7 {[%clk 0:39:26]} 19.
Qxf7 {[%clk 1:28:35]} fxg2 {[%clk 0:39:08]} 20. Rfe1 {[%clk 1:27:43]} Rc8
{[%clk 0:31:41]} 21. Re4 {[%clk 1:26:38]} f5 {[%clk 0:28:58]} 22. Rxe5
{[%clk 1:25:42]} Qd4 {[%clk 0:28:32]} 23. Qf6+ {[%clk 1:25:06]} 1-0

[Event "MSR2018s4"]
[Site "?"]
[Date "2018.04.21"]
[Round "1.22"]
[White "Gollner, Martin"]
[Black "Jura, Michal"]
[Result "0-1"]
[BlackElo "1317"]
[WhiteElo "1003"]
[LiveChessVersion "1.4.8"]

1. e4 {[%clk 1:30:59]} e5 {[%clk 1:30:57]} 2. Nf3 {[%clk 1:31:19]} Nc6
{[%clk 1:31:15]} 3. Bb5 {[%clk 1:31:36]} Bc5 {[%clk 1:31:10]} 4. O-O
{[%clk 1:31:42]} d6 {[%clk 1:31:09]} 5. Nc3 {[%clk 1:31:56]} Bg4 {[%clk 1:31:14]}
6. h3 {[%clk 1:32:13]} Bh5 {[%clk 1:31:32]} 7. d3 {[%clk 1:32:26]} Nge7
{[%clk 1:30:35]} 8. Bg5 {[%clk 1:32:22]} f6 {[%clk 1:29:50]} 9. Bh4
{[%clk 1:32:22]} a6 {[%clk 1:29:44]} 10. Ba4 {[%clk 1:31:23]} b5 {[%clk 1:28:38]}
11. Bb3 {[%clk 1:31:44]} Nd4 {[%clk 1:28:44]} 12. g4 {[%clk 1:30:50]} Nxb3
{[%clk 1:27:20]} 13. axb3 {[%clk 1:30:49]} Bf7 {[%clk 1:27:33]} 14. Re1
{[%clk 1:30:03]} g5 {[%clk 1:25:31]} 15. Bg3 {[%clk 1:30:25]} h5 {[%clk 1:25:43]}
16. Qd2 {[%clk 1:29:43]} Qd7 {[%clk 1:23:15]} 17. d4 {[%clk 1:29:04]} hxg4
{[%clk 1:22:02]} 18. hxg4 {[%clk 1:27:55]} Bb6 {[%clk 1:20:57]} 19. dxe5
{[%clk 1:27:25]} Qxg4 {[%clk 1:20:33]} 20. Nh2 {[%clk 1:26:52]} Qxg3+
{[%clk 1:20:36]} 21. Kf1 {[%clk 1:26:47]} Qh3+ {[%clk 1:20:01]} 22. Ke2
{[%clk 1:26:27]} Bh5+ {[%clk 1:20:10]} 23. f3 {[%clk 1:26:12]} Qxh2+
{[%clk 1:20:15]} 24. Kd1 {[%clk 1:26:32]} Qxd2+ {[%clk 1:19:09]} 25. Kxd2
{[%clk 1:26:52]} dxe5 {[%clk 1:19:05]} 26. Rh1 {[%clk 1:26:46]} Rd8+
{[%clk 1:18:53]} 27. Kc1 {[%clk 1:26:57]} Be3+ {[%clk 1:18:53]} 28. Kb1
{[%clk 1:27:12]} Kf7 {[%clk 1:18:53]} 29. Rxa6 {[%clk 1:27:08]} b4
{[%clk 1:18:54]} 30. Ne2 {[%clk 1:26:28]} Bxf3 {[%clk 1:18:49]} 31. Re1
{[%clk 1:26:18]} Bd2 {[%clk 1:17:45]} 32. Rf1 {[%clk 1:25:51]} Bxe2
{[%clk 1:17:51]} 33. Rfxf6+ {[%clk 1:25:50]} Kg7 {[%clk 1:17:25]} 0-1

[Event "MSR2018s4"]
[Site "?"]
[Date "2018.04.21"]
[Round "1.23"]
[White "Earle, Dominic James"]
[Black "Azari, Martin"]
[Result "1-0"]
[BlackElo "1000"]
[WhiteElo "1273"]
[LiveChessVersion "1.4.8"]

1. d4 {[%clk 1:30:58]} e6 {[%clk 1:30:42]} 2. c4 {[%clk 1:31:22]} Bb4+
{[%clk 1:30:44]} 3. Bd2 {[%clk 1:31:25]} Bxd2+ {[%clk 1:30:50]} 4. Nxd2
{[%clk 1:31:35]} Nf6 {[%clk 1:30:57]} 5. e4 {[%clk 1:31:43]} Ng4 {[%clk 1:31:01]}
6. Qxg4 {[%clk 1:31:32]} h5 {[%clk 1:31:05]} 7. Qxg7 {[%clk 1:31:38]} Rf8
{[%clk 1:31:05]} 8. Ngf3 {[%clk 1:31:02]} Ke7 {[%clk 1:31:07]} 9. Qg5+
{[%clk 1:30:50]} Ke8 {[%clk 1:31:13]} 10. Qxh5 {[%clk 1:30:33]} Qe7
{[%clk 1:30:44]} 11. e5 {[%clk 1:29:56]} Qb4 {[%clk 1:29:29]} 12. Rb1
{[%clk 1:28:25]} Qe7 {[%clk 1:29:15]} 13. Ng5 {[%clk 1:27:33]} Kd8
{[%clk 1:28:42]} 14. Nde4 {[%clk 1:26:15]} Qe8 {[%clk 1:28:09]} 15. Nf6
{[%clk 1:26:30]} Qe7 {[%clk 1:26:17]} 16. a3 {[%clk 1:22:54]} d6 {[%clk 1:24:47]}
17. Nfh7 {[%clk 1:21:45]} Rh8 {[%clk 1:24:10]} 18. Nxf7+ {[%clk 1:21:54]} Kd7
{[%clk 1:23:22]} 19. Nxh8 {[%clk 1:21:42]} Qd8 {[%clk 1:21:59]} 20. Nf6+
{[%clk 1:21:36]} Ke7 {[%clk 1:22:00]} 21. Qf7# 1-0

[Event "MSR2018s4"]
[Site "?"]
[Date "2018.04.21"]
[Round "1.24"]
[White "Dorusa, Simon"]
[Black "Cerven, Samuel"]
[Result "0-1"]
[BlackElo "1270"]
[WhiteElo "1000"]
[LiveChessVersion "1.4.8"]

1. e4 {[%clk 1:30:57]} e5 {[%clk 1:30:47]} 2. Nf3 {[%clk 1:31:18]} Nc6
{[%clk 1:31:04]} 3. Bc4 {[%clk 1:31:20]} Bc5 {[%clk 1:31:17]} 4. c3
{[%clk 1:31:41]} Nf6 {[%clk 1:30:51]} 5. Nxe5 {[%clk 1:31:35]} Nxe5
{[%clk 1:30:34]} 6. d3 {[%clk 1:31:36]} Bb6 {[%clk 1:30:34]} 7. O-O
{[%clk 1:31:13]} d6 {[%clk 1:30:33]} 8. Bf4 {[%clk 1:31:25]} Ng6 {[%clk 1:30:38]}
9. Bg5 {[%clk 1:31:02]} O-O {[%clk 1:30:14]} 10. d4 {[%clk 1:30:56]} Re8
{[%clk 1:29:37]} 11. Nd2 {[%clk 1:31:02]} h6 {[%clk 1:29:15]} 12. Be3
{[%clk 1:31:05]} Nxe4 {[%clk 1:27:12]} 13. Nxe4 {[%clk 1:30:59]} Rxe4
{[%clk 1:27:04]} 14. Bd3 {[%clk 1:31:02]} Bg4 {[%clk 1:22:00]} 15. f3
{[%clk 1:31:18]} Rxe3 {[%clk 1:22:06]} 16. fxg4 {[%clk 1:30:43]} Qd7
{[%clk 1:21:13]} 17. b3 {[%clk 1:30:52]} c5 {[%clk 1:20:05]} 18. dxc5
{[%clk 1:29:49]} dxc5 {[%clk 1:20:08]} 19. Rf3 {[%clk 1:29:35]} Rxf3
{[%clk 1:20:08]} 20. Qxf3 {[%clk 1:28:50]} c4+ {[%clk 1:22:02]} 21. Kh1
{[%clk 1:29:05]} cxd3 {[%clk 1:22:17]} 22. a4 {[%clk 1:28:31]} d2
{[%clk 1:22:32]} 23. a5 {[%clk 1:28:30]} Rd8 {[%clk 1:22:25]} 24. Qd1
{[%clk 1:28:24]} Ne5 {[%clk 1:22:06]} 25. axb6 {[%clk 1:28:12]} axb6
{[%clk 1:22:11]} 26. Kg1 {[%clk 1:28:19]} Nxg4 {[%clk 1:22:15]} 27. Ra7
{[%clk 1:28:30]} Ne3 {[%clk 1:21:29]} 0-1